[Event "EST-ch7 email"]
[Site "Estonia"]
[Date "2004.01.15"]
[Round "?"]
[White "Kipso, Agu"]
[Black "Otspere, Urmas"]
[Result "1/2-1/2"]
[WhiteElo "2088"]
[BlackElo "2020"]
[PlyCount "112"]
[EventDate "2004.??.??"]
[EventType "tourn (corr)"]
[EventRounds "12"]
[EventCountry "EST"]
[SourceTitle "Corr 2006"]
[Source "ChessBase"]
[SourceDate "2006.04.01"]
[SourceVersion "3"]
[SourceVersionDate "2006.04.01"]
[SourceQuality "1"]

1. Nf3 d5 2. g3 Nf6 3. Bg2 c6 4. 0-0 Bf5 5. d3 e6 6. Nbd2 h6 7. Qe1 Be7 8. e4 Bh7 9. Qe2 0-0 10. e5 Nfd7 11. Re1 c5 12. Nf1 Nc6 13. h4 Rc8 14. Bf4 Nd4 15. Qd1 b5 16. N1h2 Re8 17. a4 a6 18. axb5 axb5 19. Nxd4 cxd4 20. Nf3 Qb6 21. g4 Ra8 22. Qe2 Ra4 23. g5 Bb4 24. Red1 Rxa1 25. Rxa1 h5 26. Nd2 Rc8 27. Nb3 Nf8 28. Bf3 Bg6 29. Rc1 Ra8 30. Bxh5 Ra2 31. Rb1 Bxh5 32. Qxh5 Ng6 33. Bg3 Ne7 34. Qe2 Nf5 35. Kg2 Qc6 36. Kh3 Qd7 37. f4 Ba5 38. Bf2 Bb6 39. Nd2 Qc6 40. Nf3 Qc5 41. c3 Qxc3 42. bxc3 Rxe2 43. Bxd4 Bxd4 44. Nxd4 Re3+ 45. Kh2 Nxd4 46. cxd4 Rxd3 47. Rb4 Rf3 48. Rxb5 Rxf4 49. Kg3 Rxd4 50. h5 Kh7 51. Rb7 Re4 52. Rxf7 Rxe5 53. Kg4 Re4+ 54. Kg3 Re5 55. Kg4 Re4+ 56. Kg3 Re5 1/2-1/2

[Event "EST-ch5 email"]
[Site "Estonia"]
[Date "2003.01.27"]
[Round "?"]
[White "Kipso, Agu"]
[Black "Kaul, Heino"]
[Result "0-1"]
[WhiteElo "2078"]
[BlackElo "2056"]
[PlyCount "68"]
[EventDate "2003.??.??"]
[EventType "tourn (corr)"]
[EventRounds "10"]
[EventCountry "EST"]
[SourceTitle "Corr 2006"]
[Source "ChessBase"]
[SourceDate "2006.04.01"]
[SourceVersion "3"]
[SourceVersionDate "2006.04.01"]
[SourceQuality "1"]

1. c4 c6 2. Nf3 d5 3. b3 Nf6 4. g3 Bf5 5. Bg2 dxc4 6. bxc4 e5 7. Bb2 e4 8. Nd4 Bg6 9. 0-0 Bd6 10. Qb3 Nbd7 11. f4 Nc5 12. Qc2 0-0 13. Nc3 Bxf4 14. Nxc6 Qxd2 15. Qxd2 Bxd2 16. Ne7+ Kh8 17. Rxf6 gxf6 18. Ncd5 Bh6 19. g4 Bg7 20. h4 h5 21. Nf4 Rfe8 22. Ned5 hxg4 23. h5 Bh7 24. h6 Bxh6 25. Nxf6 Na4 26. Bd4 Rec8 27. N6h5+ f6 28. Bxf6+ Kg8 29. Be5 Bxf4 30. Bxf4 Rc6 31. Be5 Rf8 32. Rd1 Nb6 33. Bd6 Rf7 34. Ba3 Nd7 0-1

[Event "EST-ch5 email"]
[Site "Estonia"]
[Date "2003.01.27"]
[Round "?"]
[White "Raidaru, Mihkel"]
[Black "Kipso, Agu"]
[Result "1-0"]
[WhiteElo "2254"]
[BlackElo "2078"]
[PlyCount "61"]
[EventDate "2003.??.??"]
[EventType "tourn (corr)"]
[EventRounds "10"]
[EventCountry "EST"]
[SourceTitle "Corr 2006"]
[Source "ChessBase"]
[SourceDate "2006.04.01"]
[SourceVersion "3"]
[SourceVersionDate "2006.04.01"]
[SourceQuality "1"]

1. e4 c5 2. Nf3 Nc6 3. d4 cxd4 4. Nxd4 Nf6 5. Nc3 e5 6. Ndb5 d6 7. Bg5 a6 8. Na3 b5 9. Bxf6 gxf6 10. Nd5 f5 11. c3 Bg7 12. exf5 Bxf5 13. Nc2 Be6 14. g3 0-0 15. Bg2 a5 16. 0-0 f5 17. Qh5 b4 18. Nce3 Kh8 19. Rfd1 bxc3 20. bxc3 Rb8 21. Rab1 Qd7 22. Rxb8 Nxb8 23. Nb6 Qc7 24. Bd5 Bxd5 25. Nbxd5 Qd7 26. Nc4 Qc6 27. Ndb6 Rf6 28. Rd5 f4 29. Qg4 fxg3 30. hxg3 e4 31. Qxe4 1-0